Escrito en el aire

Guardat en:
Dades bibliogràfiques
Autors principals: Alberti, Rafael (autor), Ferrari, León (Autor)
Format: Llibre
Idioma:espanyol
Publicat: Buenos Aires La Marca 2016
Edició:2a. ed
Col·lecció:Dúo un escritor y un artista
Matèries:
Etiquetes: Afegir etiqueta
Sense etiquetes, Sigues el primer a etiquetar aquest registre!

MARC

LEADER 00000cam a2200000 a 4500
001 UCD8924
003 CL-VaPUC
008 170527e20160000ag |||||||||||||||||spa|d
020 |a 9789508892775 
082 0 4 |a 861  |b ALB  |2 21 
100 |a Alberti, Rafael  |e autor  |9 267868 
700 0 |a Ferrari, León  |e author  |9 592530 
245 1 0 |a Escrito en el aire 
250 |a 2a. ed 
300 |a 101 p 
942 |c BK 
945 |d 20170527 00:32:00  |a arojas 
260 |a Buenos Aires  |b La Marca  |c 2016 
650 0 |a Poesías españolas  |9 265100 
650 0 |a Literatura española  |9 306261 
650 0 |a Arte  |9 265238 
650 0 |a Correspondencia  |9 258963 
583 |a last modification  |c 20170527 00:32:00  |k Rodrigo Vera 
490 0 |a Dúo un escritor y un artista 
999 |c 368230  |d 368228 
952 |0 0  |1 0  |3 erd  |4 0  |6 861_000000000000000_ALB_2016  |7 0  |8 R  |9 483503  |a BIBART  |b BIBART  |i 5378087  |o 861 ALB 2016  |p 5378087  |r 2025-03-13  |w 2019-11-24  |y BK_R  |z Catalogado en:20170527  |k ART